Tribhuvan University Central Library

Learning strategies adopted by grade eight students in community-AIDED schools. (Record no. 69068)

MARC details
000 -LEADER
fixed length control field 00447 a2200145 4500
041 ## - LANGUAGE CODE
Language code of text/sound track or separate title Eng
082 ## - DEWEY DECIMAL CLASSIFICATION NUMBER
Classification number CD7199
100 ## - MAIN ENTRY--PERSONAL NAME
Personal name Khanal, Puspa
245 ## - TITLE STATEMENT
Title Learning strategies adopted by grade eight students in community-AIDED schools.
260 ## - PUBLICATION, DISTRIBUTION, ETC. (IMPRINT)
Place of publication, distribution, etc Kathmandu:
Date of publication, distribution, etc 2011
502 ## - DISSERTATION NOTE
Dissertation note Dissertation
Degree type Degree in education
Name of granting institution T. U.
650 ## - SUBJECT ADDED ENTRY--TOPICAL TERM
Topical term or geographic name as entry element Educational psychology
-- Learning methods
-- Learning process
653 ## - INDEX TERM--UNCONTROLLED
Uncontrolled term English education
942 ## - ADDED ENTRY ELEMENTS (KOHA)
Source of classification or shelving scheme Dewey Decimal Classification
Koha item type Audio Visual Materials
Holdings
Withdrawn status Lost status Source of classification or shelving scheme Damaged status Not for loan Home library Current library Date acquired Total Checkouts Full call number Barcode Date last seen Price effective from Koha item type
    Dewey Decimal Classification     Tribhuvan University Central Library Tribhuvan University Central Library 03/26/2014   CD7199 A7147 03/26/2014 03/26/2014 Audio Visual Materials